Datum a čas kvízu
27
Celkem bodů
Celkový počet nahraných bodů na tomto kvízu bez doplňovacích otázek.
10.
Pořadí na kvízu
Konečné umístění týmu na tomto kvízu.
Zaznamenané odpovědi
| # | Otázka | Odpověď | Body | Výsledky |
|---|---|---|---|---|
| 1. | Liberecká pizzerie Pizzaman př... | (dubajská) čokoláda | 1 | |
| 2. | Cestující, kteří v úterý chtěl... | B) Švýcarsko | 0 | |
| 3. | Minulý týden byla odtajněna jm... | Červený trpaslík, Kocour | 0 | |
| 4. | V loterii Eurojackpot padla je... | ze Švédska | 0 | |
| 5. | Jak se jmenuje 19letý český te... | Jakub Menšík | 1 | |
| 6. | Grónsko má v dánském parlament... | Faerským ostrovům | 1 | |
| 7. | Pokud byste chtěli okusit jedn... | A | 0 | |
| 8. | Že je Grónsko největším ostrov... | C | 0 | |
| 9. | Které tvrzení o Grónsku je pra... | D | 1 | |
| 10. | Pod kterým písmenem je snímek... | D | 1 |